书目信息 |
| 题名: |
长城雄伟关隘
|
|
| 作者: | 李姗姗 主编 | |
| 分册: | ||
| 出版信息: | 汕头 汕头大学出版社 2017 |
|
| 页数: | 122页 | |
| 开本: | 23cm | |
| 丛书名: | ||
| 单 册: | ||
| 中图分类: | K928.77 | |
| 科图分类: | ||
| 主题词: | 长城--chang cheng--关隘--介绍 | |
| 电子资源: | ||
| ISBN: | 978-7-5658-2838-6 | |
| 000 | 00810nam0 2200241 450 | |
| 001 | 2332448628 | |
| 005 | 20231109170604.45 | |
| 010 | @a978-7-5658-2838-6@dCNY32.00 | |
| 100 | @a20170907d2017 em y0chiy50 ea | |
| 101 | 0 | @achi |
| 102 | @aCN@b440000 | |
| 105 | @aa z 000yy | |
| 200 | 1 | @a长城雄伟关隘@Achang cheng xiong wei guan ai@f李姗姗主编 |
| 210 | @a汕头@c汕头大学出版社@d2017 | |
| 215 | @a122页@c彩图@d23cm | |
| 300 | @a中华复兴之光 千秋名胜古迹 | |
| 330 | @a本书主要介绍了山海关、居庸关、娘子关、雁门关、嘉峪关等长城上著名雄关的由来、毁修、现存状况以及相关的自然风景和人文背景等。 | |
| 606 | 0 | @a长城@Achang cheng@x关隘@x介绍 |
| 690 | @aK928.77@v5 | |
| 701 | 0 | @a李姗姗@Ali shan shan@4主编 |
| 801 | 2 | @aCN@b山东中教@c20230926 |
| 801 | 2 | @aCN@b山东中教@c20230926 |
| 905 | @aBZT@dK928.77@e16 | |
| 长城雄伟关隘/李姗姗主编.-汕头:汕头大学出版社,2017 |
| 122页:彩图;23cm |
| 中华复兴之光 千秋名胜古迹 |
| ISBN 978-7-5658-2838-6:CNY32.00 |
| 本书主要介绍了山海关、居庸关、娘子关、雁门关、嘉峪关等长城上著名雄关的由来、毁修、现存状况以及相关的自然风景和人文背景等。 |
| ● |
| 相关链接 |
|
|
|
正题名:长城雄伟关隘
索取号:K928.77/16
 
预约/预借
| 序号 | 登录号 | 条形码 | 馆藏地/架位号 | 状态 | 备注 |
| 1 | 2000960849 | 2000960849 | 第四书库/四29架B面2层1列/ [索取号:K928.77/16] | 在馆 | |
| 2 | 2000960850 | 2000960850 | 第四书库/四29架B面2层1列/ [索取号:K928.77/16] | 在馆 | |
| 3 | 2000960851 | 2000960851 | 第四书库/四29架B面2层1列/ [索取号:K928.77/16] | 在馆 | |
| 4 | 2000960852 | 2000960852 | 第四书库/四29架B面2层1列/ [索取号:K928.77/16] | 在馆 | |
| 5 | 2000960853 | 2000960853 | 第四书库/四29架B面2层1列/ [索取号:K928.77/16] | 在馆 | |
| 6 | 2000960854 | 2000960854 | 第四书库/四29架B面2层1列/ [索取号:K928.77/16] | 在馆 |